Legislatívne zmeny v samospráve za rok 2024
V roku 2024 bolo prijatých niekoľko legislatívnych zmien, ktoré sa týkajú samosprávy. Autor prináša prehľad zmien, ktoré sa týkajú oblasti volieb do orgánov samosprávy obcí, územnoplánovacej dokumentácie, verejného obstarávania, územného plánovania a majetku obcí.
Na minha lista:
| Autor principal: | |
|---|---|
| Formato: | Capítulo de Livro |
| Idioma: | eslovaco |
| Assuntos: | |
| Tags: |
Sem tags, seja o primeiro a adicionar uma tag!
|
MARC
| LEADER | 00000naa a2200000 4500 | ||
|---|---|---|---|
| 001 | 0304605 | ||
| 005 | 20241015140215.6 | ||
| 041 | 0 | |a slo | |
| 044 | |a SK | ||
| 245 | 1 | 0 | |a Legislatívne zmeny v samospráve za rok 2024 |c Anton Ukropec |
| 520 | |a V roku 2024 bolo prijatých niekoľko legislatívnych zmien, ktoré sa týkajú samosprávy. Autor prináša prehľad zmien, ktoré sa týkajú oblasti volieb do orgánov samosprávy obcí, územnoplánovacej dokumentácie, verejného obstarávania, územného plánovania a majetku obcí. | ||
| 610 | 2 | 0 | |a legislatíva |
| 610 | 2 | 0 | |a novelizácia |
| 610 | 2 | 0 | |a samospráva |
| 610 | 2 | 0 | |a obce |
| 610 | 2 | 0 | |a voľby |
| 610 | 2 | 0 | |a dokumentácia |
| 610 | 2 | 0 | |a obstarávanie verejné |
| 610 | 2 | 0 | |a plánovanie územné |
| 610 | 2 | 0 | |a majetok |
| 100 | 1 | |a Ukropec, Anton | |